000 00566nam a2200229Ia 4500
003 OSt
005 20221005125710.0
006 a|||||r|||| 00| 0
007 ta
008 221004b |||||||| |||| 00| 0 kan d
024 _a49844
037 _cTextual
040 _aCRL
_cCRL
_bkan
041 _2kan
_akan
082 _aO33,3N28,1, 31K9
100 _aThiriveni Au.
_9637010
245 0 _aPoonaikkan
260 _c1969
650 _aKANNAD FICTION
942 _hO33,3N28,1, 31K9
_cTEXL
_2cc
999 _c1054803
_d1054803